| 000 -ლიდერი |
| ფიქსირებული სიგრძის საკონტროლო ველი |
01650nam a2200265Ia 4500 |
| 001 - საკონტროლო ნომერი |
| საკონტროლო ველი |
21963 |
| 003 - საკონტროლო ნომრის იდენტიფიკატორი |
| საკონტროლო ველი |
GE_BSU |
| 005 - ბოლო ოპერაციის თარიღი და დრო |
| საკონტროლო ველი |
20220914143355.0 |
| 008 - ფიქსირებული სიგრძის მონაცემთა ელემენტები - ზოგადი ინფორმაცია |
| ფიქსირებული სიგრძის საკონტროლო ველი |
181216s2007||||ge |||||||||||||| ||geo|| |
| 020 ## - წიგნის საერთაშორისო სტანდარტული ნომერი |
| International Standard Book Number |
9994046934 |
| 040 ## - კატალოგიზაციის წყარო |
| Transcribing agency |
GE_BSU |
| 041 ## - ენის კოდი |
| Language code of text/sound track or separate title |
geo |
| 080 ## - უნივერსალური ათობითი კლასიფიკაციის ინდექსი |
| Universal Decimal Classification number |
821.112.2.03=353.1 ნ-79 |
| 100 ## - მთავარი ჩანაწერი - პიროვნების სახელი |
| Personal name |
ნოვალისი |
| 9 (RLIN) |
14604 |
| 245 ## - ცნობა სათაურის შესახებ |
| Title |
ღამის ჰიმნები / |
| Statement of responsibility, etc |
ნოვალისი ; გერმ. თარგმნა და კომენტ. დაურთო კონსტანტინე ბრეგაძემ. |
| 264 ## - წარმოების, გამოცემის, დისტრიბუციის და სხვა ცნობები |
| გამოცემის, წარმოების, დისტრიბუციის... ადგილი |
თბილისი : |
| გამოცემის, წარმოების, დისტრიბუციის... სახელწოდება |
მერიდიანი, |
| გამოცემის, წარმოების, დისტრიბუციის... თარიღი |
2007. |
| 300 ## - ფიზიკური აღწერა |
| Extent |
104 გვ. : |
| Other physical details |
1ფ პორტრეტი ნოვალისი(დაახლ.1799წ.) ; |
| Dimensions |
21 სმ. |
| 500 ## - ზოგადი შენიშვნა |
| General note |
ნოვალისი გერმანული რომანტიზმის ერთ-ერთი ფუძემდებელი და უმთავრესი წარმომადგენელია, ღამის ჰიმნები არის გერმანული რომანტიზმის ერთ-ერთი უმაღლესი პოეტური გამოვლინება |
| 546 ## - LANGUAGE NOTE |
| Language note |
სახელმძღვანელო არის გერმანულ და ქართულ ენებზე |
| 653 ## - INDEX TERM--UNCONTROLLED |
| Uncontrolled term |
გერმანული ლიტერატურა |
| 653 ## - INDEX TERM--UNCONTROLLED |
| Uncontrolled term |
ღამის ჰიმნები |
| 700 ## - ADDED ENTRY--PERSONAL NAME |
| Personal name |
ბრეგაძე, კონსტანტინე |
| Relator term |
რედაქტორი |
| 9 (RLIN) |
6888 |
| 942 ## - ADDED ENTRY ELEMENTS (KOHA) |
| Koha item type |
წიგნი |
| Source of classification or shelving scheme |
|